000 00387nam a2200133Ia 4500
005 20260326235459.0
008 260326s9999||||xx |||||||||||||| ||und||
100 _aDemchinsky, Bryan
245 0 _aGrassroots, greystones & glass towers :
_b Montreal Urban issues and Architecture /
_cBryan Demchinsky
260 _bVéhicule Press
300 _a211 p.
650 _aURBANISMO
942 _cBK
999 _c8027
_d8027